Акваристика за всеки (Запис номер 120179)
[ съкратено ]
| 000 -Лидер | |
|---|---|
| Контролно поле с фиксирана дължина | nam a22 a 4500 |
| 003 - Код на организацията, давaща контролен номер | |
| Контролно поле | BLK |
| 005 - Дата и час на последна редакция | |
| Контролно поле | 20221019170706.0 |
| 008 - Елементи от данни с фиксирана дължина | |
| fixed length control field | 180409b bul|||||r ||||||| ||bul|| |
| 040 ## - Източник на каталожния запис | |
| Идентификатор на билиотеката - собственик на записа | BLK |
| 041 ## - Код за език | |
| Код за езика на текст/звукозапис или на отделно заглавие | Български |
| Код за езика КДБФ | Български |
| 080 ## - УДК | |
| Текстов определител УДК | Аквариуми |
| УДК код - определител по УДК | 639.3.045 |
| УДК определител | (035) |
| УДК - код + определител | 639.3.045(035) |
| 100 1# - Редна дума - Автор | |
| Автор | Андоди, Ладислав |
| Авторска отговорност | първи автор |
| R(LIN) | 31979 |
| 139 ## - Редно поле | |
| Редна дума | Андоди, Ладислав |
| 245 10 - Сведения за заглавието | |
| Заглавие | Акваристика за всеки |
| Подзаглавни данни | Ръководство |
| Редно поле (дума) | Ладислав Андоди; прев. от словаш. Венцеслав Новак. |
| 257 ## - Страна на издаване | |
| Страна на създаване/издаване | Словакия |
| 260 ## - Област на издателските данни | |
| Място на издаване, разпространение и проч. | Варна |
| Име на издателя, разпространителя и проч. | Георги Бакалов |
| Година на издаване | 1976 |
| 300 ## - Физическа характеристика | |
| Страници | 172 с. |
| Илюстрации и др. | с ил., 32 л. цв. сн. |
| Размери/Мащаб | 22 см |
| 380 ## - Жанр | |
| Жанр | Селско стопанство |
| 500 ## - Общи забележки | |
| Забележка | Ориг. загл. Sladkovodne a morske akvarium. |
| 650 #4 - Допълнително описание по предмет – тема | |
| Основно описание – тема или топоним | Аквариуми - наръчници и ръководства |
| 9 (RLIN) | 257315 |
| 653 ## - Ключова дума – ненормативна | |
| Ключова дума | акваристика |
| 653 ## - Ключова дума – ненормативна | |
| Ключова дума | ръководства |
| 700 1# - Други автори (авторска отговорност) | |
| Лично име | Новак, Венцеслав |
| Автороска отговорност (Описва отношението между автора и произведението) | прев. от словаш. |
| 9 (RLIN) | 316520 |
| 852 ## - Местоположение | |
| Форматна сигнатура | Цб 82676 |
| Фондова буква | Хранилище |
| 856 4# - Електронен адрес и достъп | |
| Електронен формат | pdf - файл |
| Инструкция (цена за достъп) | 0.00 |
| Права за достъп | disable |
| 999 ## - СИСТЕМНИ КОНТРОЛНИ НОМЕРА | |
| Koha biblionumber | 120179 |
| Koha biblioitemnumber | 120179 |
| 942 ## - АРТИКУЛИ | |
| Вид на библиотечния материал | Книги |
| Скрит в OPAC | Не |
| Периодичен библиозапис | Да |
| 944 ## - СЪЗДАВАНЕ И РЕДАКЦИЯ на ЗАПИСА | |
| Създаване/Редакция | Създаване |
| Дата на регистрацията/редакция | 05.10.2011 |
| Статус, дата на статуса | 05.10.2011 - от С1,Р / 05.10.2011 |
| Служител, извършил регистрацията/редакцията | Виолета_Тройчева |
| 944 ## - СЪЗДАВАНЕ И РЕДАКЦИЯ на ЗАПИСА | |
| Създаване/Редакция | Редакция |
| Дата на регистрацията/редакция | 2022-10-19 |
| Код за отписване | Код за изгубен артикул | Източник на класификационната схема | Код за повреда | Коз за рестрикции | Код за отдаване | Артикулен № | Име на библиотеката - собственик | Име на библиотеката, в която се намира в момента | Статус (Текущо местоположение) | Дата на вписване в системата | Местоположение - отдел | Цена в лева | Инвентарен номер | Систематично азбучна сигнатура | Баркод | Номер на екземпляра | Цена в евро | Служебна бележка | Служебен тип на артикула | Бележка за публиката |
|---|---|---|---|---|---|---|---|---|---|---|---|---|---|---|---|---|---|---|---|---|
| Не е изгубен | Universal Decimal Classification | Не е повреден | без рестрикции | ползва се в читалня | 194055 | Регионална библиотека "Любен Каравелов" Русе | Регионална библиотека "Любен Каравелов" Русе | Хранилище | 1976-01-01 | Хранилище | 1.14 | 213220 | Цб 82676 | 120000213220 | 1 | 0.58 | Дост: Dp Вид: Д N: стар фонд Дата: 01.01.1976 | Книги | ||
| Изтеглен | Не е изгубен | Не е повреден | без рестрикции | заемане за дома | 194056 | Регионална библиотека "Любен Каравелов" Русе | Регионална библиотека "Любен Каравелов" Русе | 1976-01-01 | Заемна - подръчен фонд | 1.14 | 214013 | П 639.2/.3/А 65 | 214013 | 2 | 0.58 | Дост: Pk Вид: Ф N: стар фонд Дата: 01.01.1976 | Книги | Отч.N: 31/2018 , Дата: 28.03.2018 | ||
| Изтеглен | Не е изгубен | Не е повреден | без рестрикции | заемане за дома | 194057 | Регионална библиотека "Любен Каравелов" Русе | Регионална библиотека "Любен Каравелов" Русе | 1976-01-01 | Заемна - подръчен фонд | 1.14 | 214014 | П 639.2/.3/А 65 | 214014 | 3 | 0.58 | Дост: Pk Вид: Ф N: стар фонд Дата: 01.01.1976 | Книги | Отч.N: 31/2018 , Дата: 28.03.2018 | ||
| Изтеглен | Не е изгубен | Universal Decimal Classification | Не е повреден | без рестрикции | заемане за дома | 194058 | Регионална библиотека "Любен Каравелов" Русе | Регионална библиотека "Любен Каравелов" Русе | Детски отдел | 1976-01-01 | Детски отдел | 3.00 | 660598 | ДН 63/А 65 | 660598 | 4 | 1.53 | Дост: Pk Вид: Ф N: стар фонд Дата: 01.01.1976 Дата инв: 01.09.2015 Бележки инв: Д2015 | Книги |